000
00255nam a22001217a 4500
008
170308b xxu||||| |||| 00| 0 eng d
041
_a
eng
080
_a
611
100
_a
6
101
_a
SHM
245
_a
HUMAN NEUROANATOMY
_c
TRUEX, R.C
942
_2
udc
_c
BK
999
_c
7068
_d
7068